000 00718cab a2200229 4500
001 WB3146-42
008 090401t1995 xxu||||| |||| 00| 0 eng d
035 _a(Sirsi) u45859
041 _aeng
245 _aContract
260 _c1995
350 _a0
490 _aEstates Gazette Case Summaries
_v1995 EGCS 183 (2/12/95)
520 _a"Ginns v Tabor" CA 23 November 1995. Upheld the CC`s decision that rescission of the 1991 exchange of contracts decision made both parties subject to the 1987 agreement.
650 _aBARN CONVERSION
650 _aLAW OF CONTRACT
650 _aRECISSION
650 _aSALE OF LAND
690 _aPROPERTY LAW AND PRACTICE-CASE LAW
942 _n0
948 _c04/03/1997
999 _c29014
_d29014